Chansons de Aya Nakamura - Album Nakamura - Statistiques

Statistiques générales
  • Ce quiz a été pris 2 fois
  • Le résultat moyen est 5 sur 13
Statistiques - réponses
Ordre dans l'album Chansons % Correct
02 Djadja
100%
05 Pookie
100%
04 Copines
50%
01 La Dot
50%
13 Oula
50%
09 Sucette
50%
10 Whine Up
50%
06 Ça fait mal
0%
12 Dans ma bulle
0%
07 Faya
0%
11 Gang
0%
08 Gangster
0%
03 Pompom
0%
Aucun quiz correspondant
Distribution des résultats
% des personnes avec chaque résultat
Percentile par nombre de réponses
Votre historique - résultats
Vous n’avez pas pris ce quiz